1203 1612 1723 1162 1388 1152 1863 1993 1714 1321 1607 1330 1430 1342 1091 1219 1893 1508 1220 1477 1798 1381 1630 1749 1934 1430 1584 1168 1694 1916 1623 1080 1966 1131 1259 1795 1238 1717 1549 1212 1535 1022 1403 1134 1702 1883 1184 1841 1551 1335 1581 1867 1305 1688 1049 1337 1542 1705 1551 1043 1889 1578 1889 1221 1392 1249 1687 1793 1701 1847 1379 1335 1543 1868 1878 1348 1836 1838 1345 1164 1616 1710 1530 1294 1983 1981 1324 1283 1355 1963 1061 1999 1235 1622 1897 1318 1199 1816 1530 BCNSPRNW ULIB Ver.6.0+V

เปลี่ยนเป็นภาษาไทย

Change to English
 แสดงรายละเอียดบรรณานุกรม
  กลับหน้าหลัก

Brief Record : Get Marc (ISO 2709) : E-mail record : QR code < ปิดหน้าต่าง
LEADER : 00000nam 2200000uu 4500
001    13399120810
003     ULIB
008    121017s2548||||th 000 0 tha d
020    ^a9789749508947
020    ^a9789749508299
060 04 ^aWR140^bร824
245 00 ^aโรคผิวหนังต้องรู้ :^bสำหรับเวชปฏิบัติทั่วไป /^cบรรณาธิการ,อภิชาติ ศิวยาธร, กนกวลัย กุลทนันทน์
250    ^aพิมพ์ครั้งที่ 5
260    ^aกรุงเทพฯ :^bหมอชาวบ้าน,^c2548
300    ^a227 หน้า :^bภาพประกอบสี ;^c27 ซม.
650  7 ^aผิวหนัง, โรค
653    ^aผลงานอาจารย์คณะแพทยศาสตร์ศิริราชพยาบาล
700 0  ^aอภิชาติ ศิวยาธร,^eบรรณาธิการ
700 0  ^aกนกวลัย กุลทนันทน์,^eบรรณาธิการ
945    ^p550^l0^i14230
945    ^p550^l0^i24449
995    ^aทศพร
999    ^aทศพร เกษรทอง
รายการนี้ยังไม่มีแท็ก
คุณยังไม่ได้ล็อกอิน คุณสามารถมีกิจกรรมร่วมกับเว็บไซต์ได้ แต่ต้องล็อกอินก่อน ::
  ล็อกอิน

รายการสื่อสารสนเทศ

ลำดับที่ ประเภท เลขเรียก/บาร์โค้ด สถานที่ สถานะ
1. วิทยาศาสตร์การแพทย์ และสุขภาพ
วิทยาศาสตร์การแพทย์ และสุขภาพ
WR140 ร824 ฉ.1 
  Barcode: 14230
ห้องสมุดวิทยาเขตสวรรค์ประชารักษ์
►ส่วนจัดเก็บหนังสือเก่า สปร
บนชั้น
  ขอยืม
2. วิทยาศาสตร์การแพทย์ และสุขภาพ
วิทยาศาสตร์การแพทย์ และสุขภาพ
WR140 ร824 ฉ.2 
  Barcode: 24449
ห้องสมุดวิทยาเขตสวรรค์ประชารักษ์
►ส่วนจัดเก็บหนังสือเก่า สปร
บนชั้น
  ขอยืม

รายการใกล้เคียง
    หัวเรื่อง [ผิวหนัง, โรค]

BibComment


ยังไม่เคยถูกคอมเมนท์

คอมเมนท์ทรัพยากรรายการนี้
  คอมเมนท์: โรคผิวหนังต้องรู..


 Copyright 2026. Bcnsprnw @Library